| 000 | 00897nam a2200253Ia 4500 | ||
|---|---|---|---|
| 003 | OSt | ||
| 005 | 20221005112256.0 | ||
| 006 | a|||||r|||| 00| 0 | ||
| 007 | ta | ||
| 008 | 221004b |||||||| |||| 00| 0 pan d | ||
| 020 |
_a9788178564029 (hbk) _cINR 220.00 |
||
| 024 | _a39134 | ||
| 037 |
_b1029, 12/03/2018, H.K. Prakashan _cTextual |
||
| 040 |
_aCRL _cCRL _bpan |
||
| 041 |
_2pan _apan |
||
| 082 | _aO153:(T4:5,1), Q8 | ||
| 100 | _aਕੌਰ, ਅਰਵਿੰਦਰ, ਂਚ. | ||
| 245 | 0 | _aਸਵਾਲ ਜਵਾਬ | |
| 260 |
_aਅੰਮ੍ਰਿਤਸਰ _bਵਾਰਿਸ Fਾਹ ਖ਼ਾੳ੍ਵੁਡੇFਨ ਭਾਰਤ _c2018 |
||
| 300 |
_a239ਪ0 _ccm. |
||
| 650 | _aਪੰਜਾਾਬੀ ਸਾਹਿਤ | ||
| 942 |
_hO153:(T4:5,1), Q8 _cTEXL _2cc |
||
| 999 |
_c1024393 _d1024393 |
||